Home. (Record no. 114509)
[ view plain ]
| 000 -LEADER | |
|---|---|
| fixed length control field | 00921nam a2200193 a 4500 |
| 005 - DATE AND TIME OF LATEST TRANSACTION | |
| control field | 20140414132103.0 |
| 008 - FIXED-LENGTH DATA ELEMENTS--GENERAL INFORMATION | |
| fixed length control field | 100722s19uu xx 00 eng d |
| 020 ## - INTERNATIONAL STANDARD BOOK NUMBER | |
| International Standard Book Number | 9781595666031 |
| 050 ## - LIBRARY OF CONGRESS CALL NUMBER | |
| Classification number | M 643 |
| Item number | G65 2008 |
| 100 ## - MAIN ENTRY--PERSONAL NAME | |
| Personal name | Graham, Ian |
| 245 ## - TITLE STATEMENT | |
| Title | Home. |
| 260 ## - PUBLICATION, DISTRIBUTION, ETC. (IMPRINT) | |
| Place of publication, distribution, etc | Mankato, Minn : |
| Name of publisher, distributor, etc | QEB pub, |
| Date of publication, distribution, etc | 2008. |
| 300 ## - PHYSICAL DESCRIPTION | |
| Extent | 32 p. |
| 440 ## - SERIES STATEMENT/ADDED ENTRY--TITLE | |
| Title | Inventions in... |
| 500 ## - GENERAL NOTE | |
| General note | Contents: Inventions in your home -- Lighting up -- Button up -- Home help -- Tick tock -- Food matters -- Tin tops -- Pocket power -- Music machines -- Home computers -- On the box -- Playing games -- Eco-homes -- Glossary. Notes: Includes index. |
| 520 ## - SUMMARY, ETC. | |
| Summary, etc | "Tells the history of inventions that changed the home, from electricity and light bulbs to refrigerators, home computers, and home video game systems"--Provided by publisher. |
| 650 ## - SUBJECT ADDED ENTRY--TOPICAL TERM | |
| Topical term or geographic name as entry element | Household appliances --United States --History --Juvenile literature. |
| Withdrawn status | Lost status | Damaged status | Use restrictions | Home library | Current library | Shelving location | Date acquired | Source of acquisition | Cost, normal purchase price | Total Checkouts | Full call number | Barcode | Date last seen | Price effective from | Koha item type |
|---|---|---|---|---|---|---|---|---|---|---|---|---|---|---|---|
| Munich Library | Munich Library | Main Section | 07/22/2010 | 75.00 | M 643 G65 2008 | M6358 | 04/14/2014 | 04/14/2014 | Books |